Hermenéutica de la obra de arte literaria : comentarios a la propuesta de Roman Ingarden /

La autora nos presenta las ideas fundamentales del pensador polaco Román Ingarden (1893-1970), que son el fundamento de la estética de recepción, y se le puede llamar el padre de este movimiento, y que a retroalimentado la hermenéutica literaria que es abordada de manera comprensible en este volumen...

Descripción completa

Guardado en:
Detalles Bibliográficos
Autor principal: Ruiz Otero, Silvia (autor)
Formato: Libro
Idioma:Español
Publicado: México : Universidad Iberoamericana, Plantel Santa Fe : Eón, 2006, c2006
Colección:(AlterTexto, Teoría y Crítica) [s.n.]
Temas:
Etiquetas: Agrega una etiqueta
Sin etiquetas, Sé el primero en etiquetar este registro!

MARC

LEADER 00000nam^a2200000^a^4500
001 000191110
005 20250521000000.0
009 20260310102513.493
020 |a 968-5353-66-2 
037 |a Acervo ITESO - Biblioteca 
041 |a ESP 
082 |a 809. 001  |b RUI 
100 |a Ruiz Otero, Silvia  |e (autor) 
245 1 0 |a Hermenéutica de la obra de arte literaria :  |b comentarios a la propuesta de Roman Ingarden /  |c S. Ruiz Otero. 
264 4 |a México :  |b Universidad Iberoamericana, Plantel Santa Fe :  |b Eón,  |c 2006, c2006 
300 |a 175 p. 
336 |a texto  |b txt  |2 rdacontenido 
337 |a sin mediación  |b n  |2 rdamedio 
338 |a volumen  |b nc  |2 rdasoporte 
440 1 |a (AlterTexto, Teoría y Crítica) [s.n.] 
520 |a La autora nos presenta las ideas fundamentales del pensador polaco Román Ingarden (1893-1970), que son el fundamento de la estética de recepción, y se le puede llamar el padre de este movimiento, y que a retroalimentado la hermenéutica literaria que es abordada de manera comprensible en este volumen. 
649 |a XX 
650 |a Hermenéutica -  |x Tema Principal 
650 |a Literatura -  |x Teoría 
650 |a Estética -  |x Tema Principal 
650 |a Ingarden, Roman -  |x Tema Principal 
910 |a Fondo General 
920 |a Impresos - Libros 
930 |a Colección General 
940 |a Literatura 
905 |a 101 
901 |a 0500134800  |b IT1  |c LIT  |u 20250521 
902 |a https://opac.biblio.iteso.mx/vufind/Record/000191110